000 00529nam a2200193Ia 4500
003 OSt
005 20250107151403.0
008 210716s1976 xx 000 0 und d
020 _a0448124076
040 _cAIMIT LIBRARY
041 _aeng
082 _a808.83
_21
_bJOHW
100 _aJohnston, William.
_9192505
245 _aSweathog newshawks /
_cBy William Johnston.
250 _a1st ed.
260 _aNew York :
_bgrosset and dunlap ;
_c1976.
300 _a157p. ;
_bPB
_c17 cm.
942 _2ddc
_cBK
_e1st ed.
_k808.83 JOHW
999 _c200259
_d200259